000 00493nam a2200181Ia 4500
001 25190
003 IN-NITTTR
005 20251114233320.0
008 251113s9999||||xx |||||||||||||| ||eng||
040 _beng
040 _cIN-NITTTR
041 _aeng
082 _a005.1 G625A
100 _aGoodrich, Michael T.
245 0 _aAlgorithm design :
_b foundations, analysis and internet examples /
_cGoodrich, Michael T., Tamassia, Roberto
700 _a Tamassia, Roberto
942 _2ddc
_cBK
999 _c27819
_d27819